书目信息 |
| 题名: |
模拟电子线路设计
|
|
| 作者: | 高吉祥 主编 | |
| 分册: | ||
| 出版信息: | 北京 高等教育出版社 2013 |
|
| 页数: | 416页 | |
| 开本: | 26cm | |
| 丛书名: | ||
| 单 册: | ||
| 中图分类: | TN710.02 | |
| 科图分类: | ||
| 主题词: | 模拟电路--电路设计--高等学校--教材 | |
| 电子资源: | ||
| ISBN: | 978-7-04-037312-7 | |
| 000 | 00912nam0 2200241 450 | |
| 001 | 0102949455 | |
| 005 | 20131017171412.0 | |
| 010 | @a978-7-04-037312-7@dCNY39.80 | |
| 100 | @a20130828d2013 em y0chiy0120 ea | |
| 101 | 0 | @achi |
| 102 | @aCN@b110000 | |
| 105 | @ay z 000yy | |
| 106 | @ar | |
| 200 | 1 | @a模拟电子线路设计@9Mo;Mu Ni Dian Zi Xian Lu She Ji @f高吉祥主编@b专著 |
| 210 | @a北京@c高等教育出版社@d2013 | |
| 215 | @a416页@d26cm | |
| 300 | @a全国大学生电子设计竞赛系列教材 第2分册 | |
| 330 | @a本书讲述了模拟电子线路的内容和赛题特点,简要介绍了稳压稳流电路、放大电路、波形产生电路和滤波电路的基本原理,并以提高设计制作能力为出发点,精选部分典型赛题,进行了详细的题目分析、方案论证和设计方法介绍。 | |
| 606 | 0 | @a模拟电路@x电路设计@x高等学校@j教材 |
| 690 | @aTN710.02@v5 | |
| 701 | 0 | @a高吉祥@f(1944~)@4主编@9gao ji xiang |
| 801 | 0 | @aCN@bAZmarc@c20230901 |
| 905 | @aBZT@dTN710@e43@f1@sTN710/43 | |
| 模拟电子线路设计/高吉祥主编.-北京:高等教育出版社,2013 |
| 416页;26cm |
| 全国大学生电子设计竞赛系列教材 第2分册 |
| ISBN 978-7-04-037312-7:CNY39.80 |
| 本书讲述了模拟电子线路的内容和赛题特点,简要介绍了稳压稳流电路、放大电路、波形产生电路和滤波电路的基本原理,并以提高设计制作能力为出发点,精选部分典型赛题,进行了详细的题目分析、方案论证和设计方法介绍。 |
| ● |
| 相关链接 |
|
|
|
正题名:模拟电子线路设计
索取号:TN710/43
 
预约/预借
| 序号 | 登录号 | 条形码 | 馆藏地/架位号 | 状态 | 备注 |
| 1 | 2000007672 | 2000007672 | 旧书回溯/ [索取号:TN710/43] | 在馆 |